000 00541nam a2200181Ia 4500
003 IN-BaIIA
008 211028s9999 xx 000 0 eng d
040 _cIIA Library
080 _a52
_bATL
245 0 _aAtlas of the universe
_cedited by H. E.Butler
260 _aLondon
_bThomas Nelson & Sons
_c1961
300 _a226p.
650 _aAstronomy and astrophysics thesaurus
650 _aAtlas-universe
_93774
650 _aUniverse atlas
_93775
700 _aButler, H. E., ed.
_93776
942 _cBK
999 _c1999
_d1999